01182nam a22002894a 4500001001200000003000800012006001900020007001500039008004100054010001700095020002800112040002100140035002000161050002500181082001200206100002600218245014500244260003900389300001500428504006800443533015200511650002300663650003400686655002900720710001700749856012600766ebr10005692CaPaEBRm u cr cn|||||||||010501s2002 ctu sb 001 0 eng  z 2001032907 z0275973611 (alk. paper) aCaPaEBRcCaPaEBR a(OCoLC)7074934814aBV2063b.M627 2002eb04a2702211 aMontgomery, Robert L.14aThe lopsided spread of Christianityh[electronic resource] :btoward an understanding of the diffusion of religions /cRobert L. Montgomery. aWestport, Conn. :bPraeger,c2002. axv, 190 p. aIncludes bibliographical references (p. [173]-178) and indexes. aElectronic reproduction.bPalo Alto, Calif. :cebrary,d2013.nAvailable via World Wide Web.nAccess may be limited to ebrary affiliated libraries. 0aMissionsxHistory. 0aChristian sociologyxHistory. 7aElectronic books.2local2 aebrary, Inc.40uhttp://site.ebrary.com/lib/rucke/Doc?id=10005692zAn electronic book accessible through the World Wide Web; click to view